000 00708nab a2200193 4500
001 244442
003 OSt
005 20250106130055.0
007 tu
008 200917s2020|||||||
040 _aDE-2950
_cDE-2950
245 0 0 _aErinnerungsort für Leopold von Ranke
_bAnerkennung. Der 1886 verstorbene Historiker gilt bis heute als Begründer der quellenkritischen Methode in der Geschichtsforschung. Jetzt hat er in Frankfurt (Oder) eine Gedenktafel erhalten/
_cRené Matschkowiak
264 _c2024
653 _aFrankfurt (Oder)
653 _aLeopold von Ranke
653 _aGedenktafel
773 0 _g35. Jahrgang (2024) Nr. 292 vom 14.12.2024, S. 20 mit Foto
_tMärkische Oderzeitung
942 _2z
_cA
999 _c373516
_d373516